000 00482nam a22001697a 4500
999 _c12226
_d12226
008 210125b ||||| |||| 00| 0 eng d
082 0 0 _a620.112
_bM6958
100 _92656
_aMoffat, William G.
245 1 0 _aThe structure and properties of materials. Volume 1
_cBy William G. Moffat
250 _a1st ed.
260 _aNew-Delhi
_bWiley Eastern
_c1968
300 _avii, 236 p.
365 _d5.25
650 0 _aMaterials
700 _92657
_aPearsall, George W.
942 _cBK